| 000 | 00887nam a2200301Ia 4500 | ||
|---|---|---|---|
| 001 | 17153 | ||
| 003 | IT-RoPAU | ||
| 008 | 130308s9999 xx 000 0 und d | ||
| 040 | _aIT-RoPAU | ||
| 040 | _cIT-RoPAU | ||
| 041 | _aSPAGNOLO | ||
| 100 | _aMarono Antonio | ||
| 100 | _gCodice Aut. SPICS: 31810 | ||
| 245 | _aDoble dimension de la vocacion paulina | ||
| 245 | _bCinquenta Anos de la sociedad de San Pablo En Espana | ||
| 250 | _a1a ed. | ||
| 260 | _aMADRID | ||
| 260 | _bEdiciones Paulinas | ||
| 260 | _c1985 [1° Ed.:1985 - Ed.Ling.Originale:1985] | ||
| 300 | _a"2 p. (prefazione: no ; testo: 2 [pagine: 8-9])" | ||
| 500 | _aDoppia Dimensione della vocazione Paolina: Sacerdoti e Discepoli del Divin Maestro | ||
| 650 | _aAUTORI/OPERE FAMIGLIA PAOLINA | ||
| 650 | _eCodice materia Spics: 9903 | ||
| 942 | _cBK | ||
| 957 | _71 | ||
| 999 |
_c64894 _d64894 |
||
| 999 | _bSI | ||
| 999 | _g1 | ||